Dynamic memory methods : Science learning techniques
| Main Author: | |
|---|---|
| Corporate Author: | |
| Format: | Book |
| Published: |
Delhi :
Fusion Books ,
2006
|
| Subjects: |
MARC
| LEADER | 00000cam a2200000 7i4500 | ||
|---|---|---|---|
| 001 | 0000012904 | ||
| 005 | 20080104.0 | ||
| 008 | 080104 | ||
| 020 | |a 8171821596 | ||
| 090 | 0 | 0 | |a 153.12 |b CHO |
| 100 | 1 | |a Chowdhury, Biswaroop Roy | |
| 245 | 1 | 0 | |a Dynamic memory methods : |b Science learning techniques |c Biswaroop Roy Chowdhury |
| 260 | |a Delhi : |b Fusion Books , |c 2006 | ||
| 650 | 0 | |a Brain | |
| 650 | 0 | |a Intellect | |
| 710 | 0 | |a Title | |
| 999 | |a 0001003823 |b Book |c Adult Collection |e Perbadanan Perpustakaan Awam Johor | ||